000 00931cam a2200157 a 4500
999 _c4185
_d4185
020 _a0256189552
050 0 0 _aHF5657.4
_b.M67
100 1 _aMorse, Dale,
245 1 0 _aManagerial accounting /
_cDale C. Morse, Jerold L. Zimmerman.
260 _aChicago :
_bIrwin,
_c1997.
300 _axvi, 619 p. :
_bcol. ill. ;
_c29 cm.
505 _aorganisation and accounting The nature of costs Cost estimation Estimating product costs and activity planning decisions Controlling organisations Role of accounting within decentralised organisation Budgets and budgeting Cost allocation Traditional absorption cost systems Problems with absorption cost systems and possible solutions Management accounting in a changing environment investment decisions standard costs and variance analysis Managerial accounting in multinational organisations
650 0 _aManagerial accounting.
700 1 _aZimmerman, Jerold L.,
942 _cBK